<?xml version="1.0" encoding="UTF-8"?>
<record
    xmlns:xsi="http://www.w3.org/2001/XMLSchema-instance"
    xsi:schemaLocation="http://www.loc.gov/MARC21/slim http://www.loc.gov/standards/marcxml/schema/MARC21slim.xsd"
    xmlns="http://www.loc.gov/MARC21/slim">

  <leader>01781nam a2200241 a 4500</leader>
  <controlfield tag="001">22578</controlfield>
  <controlfield tag="003">CO-ViMGA</controlfield>
  <controlfield tag="008">141112s2004    ck      r     000 u spa d</controlfield>
  <datafield tag="020" ind1=" " ind2=" ">
    <subfield code="a">9685477736</subfield>
  </datafield>
  <datafield tag="040" ind1=" " ind2=" ">
    <subfield code="a">CO-ViMGA</subfield>
    <subfield code="b">spa</subfield>
    <subfield code="c">CO-ViMGA</subfield>
  </datafield>
  <datafield tag="082" ind1="0" ind2="4">
    <subfield code="a">371.3 C838t</subfield>
  </datafield>
  <datafield tag="100" ind1="1" ind2=" ">
    <subfield code="a">Cuevas, Liliana Ester</subfield>
    <subfield code="9">32108</subfield>
  </datafield>
  <datafield tag="245" ind1="1" ind2="0">
    <subfield code="a">Tecnicas para estudiar y leer mejor</subfield>
  </datafield>
  <datafield tag="260" ind1=" " ind2=" ">
    <subfield code="a">Buenos Aires : </subfield>
    <subfield code="b">Cultural, </subfield>
    <subfield code="c">2003</subfield>
  </datafield>
  <datafield tag="300" ind1=" " ind2=" ">
    <subfield code="a">2 V + CD - ROM 360 P</subfield>
  </datafield>
  <datafield tag="490" ind1=" " ind2=" ">
    <subfield code="a">Tercer milenio</subfield>
  </datafield>
  <datafield tag="505" ind1=" " ind2=" ">
    <subfield code="a">VOLUMEN 1 : Tecnicas para estudiar mejor, para que estudiamos?, recordar y comprender, la inteligencia emocional, el proceso de la educaci&#xF3;n, administracion del tiempo, concejos utiles, buenos habitos, atencion y concentracion, el ejercicio fisico y la concentracion, la memoria, que es la memoria, un mal habito, aprovechar las clases, como tomar apuntes en la clase, organizacion, abreviatura, los pilares del conocimientos, tipos de textos, el arte de pensar, un poco de logica, razonando un cuadro, pordonde empiezo, hablar en publico, estudiar en grupo, la hora de la verda, lugar de entre la teoria y la practica 2 - 182 - - VOLUMEN 2 : El proceso de la lectura, defectos y problemas de la lectura, defectos comunes al leer, comprension lectora, unidades de pensamiento, auxiliares de lectura, el proceso interactivo de leer, linguistica y psicolinguistica, las inferencias, comprender y recordar, la enorme oferta de lectura, ampliacion y vocabulario, cuanto tiempo llava leer un librolas herramientas de la velocidad 185 - 359</subfield>
  </datafield>
  <datafield tag="590" ind1=" " ind2=" ">
    <subfield code="a">Forma de adquisici&#xF3;n : Compra - - Precio : 169.900 - - Proveedor : Dismet - - Fecha de adquisici&#xF3;n : 2008</subfield>
  </datafield>
  <datafield tag="650" ind1="1" ind2="4">
    <subfield code="a">APRENDIZAJE - ENSE&#xD1;ANZA</subfield>
    <subfield code="9">32109</subfield>
  </datafield>
  <datafield tag="650" ind1="1" ind2="4">
    <subfield code="a">METODOS DE ESTUDIO</subfield>
  </datafield>
  <datafield tag="650" ind1="1" ind2="4">
    <subfield code="a">PLANES DE ESTUDIO</subfield>
    <subfield code="9">32110</subfield>
  </datafield>
  <datafield tag="942" ind1=" " ind2=" ">
    <subfield code="2">ddc</subfield>
    <subfield code="c">BK</subfield>
  </datafield>
  <datafield tag="999" ind1=" " ind2=" ">
    <subfield code="c">30879</subfield>
    <subfield code="d">30879</subfield>
  </datafield>
  <datafield tag="952" ind1=" " ind2=" ">
    <subfield code="0">0</subfield>
    <subfield code="1">0</subfield>
    <subfield code="2">ddc</subfield>
    <subfield code="4">0</subfield>
    <subfield code="7">0</subfield>
    <subfield code="8">003</subfield>
    <subfield code="a">MEVIECAR</subfield>
    <subfield code="b">MEVIECAR</subfield>
    <subfield code="d">2015-12-04</subfield>
    <subfield code="h">Volumen. 1 | 11/jun/2009</subfield>
    <subfield code="l">1</subfield>
    <subfield code="o">371.3 C838t </subfield>
    <subfield code="p">22578 - 1</subfield>
    <subfield code="r">2018-07-18 00:00:00</subfield>
    <subfield code="s">2018-07-06</subfield>
    <subfield code="t">Ej. 1</subfield>
    <subfield code="w">2015-12-04</subfield>
    <subfield code="y">BK</subfield>
  </datafield>
  <datafield tag="952" ind1=" " ind2=" ">
    <subfield code="0">0</subfield>
    <subfield code="1">0</subfield>
    <subfield code="2">ddc</subfield>
    <subfield code="4">0</subfield>
    <subfield code="7">0</subfield>
    <subfield code="8">003</subfield>
    <subfield code="a">MEVIECAR</subfield>
    <subfield code="b">MEVIECAR</subfield>
    <subfield code="d">2015-12-04</subfield>
    <subfield code="h">Volumen. 2 | 01/nov/2013</subfield>
    <subfield code="l">0</subfield>
    <subfield code="o">371.3 C838t </subfield>
    <subfield code="p">22578 - 2</subfield>
    <subfield code="r">2018-03-06 00:00:00</subfield>
    <subfield code="t">Ej. 1</subfield>
    <subfield code="w">2015-12-04</subfield>
    <subfield code="y">BK</subfield>
  </datafield>
</record>
